La musica en la antiguedad /

Guardado en:
Autor Principal: Sachs, Curt
Formato: Libro
Publicado: Barcelona / Buenos Aires : Labor, 1927
Series:Coleccion Labor / Seccion V: M
Materias:
Etiquetas: Agregar Etiqueta
Sin Etiquetas, Sea el primero en etiquetar este registro!
LEADER 00609nam a22002055a 4500
001 EHU.bham024558
003 AR-BHAM
005 20130507152108.0
008 130507s1927##################000#0#####d
082 7 8 |a 781.8 
100 1 |a Sachs, Curt 
245 1 0 |a La musica en la antiguedad /  |c Curt Sachs 
260 |a Barcelona / Buenos Aires :  |b Labor,  |c 1927 
300 |a 125 p. 
490 0 |a Coleccion Labor / Seccion V: M 
500 |a Trad. Por Ernesto Martinez Ferrando 
653 |a Donacion lejarraga 
653 |a Musica 
653 |a Musica antigua 
859 |a AR-BHAM  |b BIB. HUMANIDADES - General  |h 781.8  |i SA14  |p 341.02  |t Ej.1